Note sur less Economiseurs-Rechauffeurs D Eau D Alimentation des chaudieres a Vapeur

מידע ביבליוגרפי
מחבר ראשי: See M. P. M. Paul
סיכום:Книга на французском языке
שפה:רוסית
יצא לאור: Б. г., Lille, IMP L. Danel., 1897
נושאים:
פורמט: MixedMaterials ספר
KOHA link:https://koha.lib.tpu.ru/cgi-bin/koha/opac-detail.pl?biblionumber=194742

MARC

LEADER 00000nam0a2200000 4500
001 194742
005 20231031182432.0
035 |a (RuTPU)RU\TPU\book\212418 
090 |a 194742 
100 |a 20110422d1897 m y0rusy50 ca 
101 0 |a rus 
102 |a FR 
105 |a y z 000zy 
200 1 |a Note sur less Economiseurs-Rechauffeurs D Eau D Alimentation des chaudieres a Vapeur  |f M. P. See 
210 |a Б. г.  |c Lille, IMP L. Danel.  |d 1897 
215 |a 30 с. 
300 |a Книга на французском языке 
320 |a Библиогр. в примеч.: 
610 1 |a паровые машины 
610 1 |a уголь 
610 1 |a Франция 
610 1 |a Англия 
610 1 |a экономика 
610 1 |a котлы 
675 |a 621.1  |v 3 
700 1 |a See  |b M. P.  |g M. Paul 
801 1 |a RU  |b 63413507  |c 20110422 
801 2 |a RU  |b 63413507  |c 20150408  |g RCR 
942 |c BK